WWE Released Wrestlers 2026 - Statistics

General Stats
  • This quiz has been taken 20 times
  • The average score is 13 of 26
Answer Stats
Month Brand Wrestler % Correct
April SmackDown Aleister Black
93%
April SmackDown Bo Dallas
93%
April SmackDown Zelina
86%
April SmackDown Nikki Cross
79%
April SmackDown Erick Rowan
71%
April SmackDown Joe Gacy
71%
May Raw Kofi Kingston
71%
April SmackDown Dexter Lumis
64%
April Raw Kairi Sane
64%
May Raw Xavier Woods
64%
April SmackDown Apollo Crews
57%
May SmackDown JC Mateo
57%
May SmackDown Tonga Loa
57%
April SmackDown Chris Sabin
50%
April SmackDown Alex Shelley
43%
April Raw Zoey Stark
43%
April SmackDown Alba Fyre
36%
April SmackDown Santos Escobar
36%
April NXT Andre Chase
29%
January SmackDown Tommaso Ciampa
29%
January NXT Brinley Reece
14%
April NXT Luca Crusifino
14%
April NXT Malik Blade
14%
April NXT Tyra Mae Steele
14%
April NXT Tyriek Igwe
14%
April NXT Tyson Dupont
14%
No matching quizzes found
Score Distribution
Percent of People with Each Score
Percentile by Number Answered
Your Score History
You have not taken this quiz